| 000 | 01036nac a22003137a 4500 | ||
|---|---|---|---|
| 001 | BR9803883 | ||
| 003 | BR-BrBNA | ||
| 005 | 20240105122037.0 | ||
| 008 | 230509b bl.|||m| |||| 00| 0 por d | ||
| 040 |
_aBR-BrBNA _bpor _cBiblioteca Nacional de Agricultura |
||
| 072 | _aH10 | ||
| 090 | _a2120 BR9803883 | ||
| 100 | 1 | _aSouza, J.C. de | |
| 100 | 1 | _aReis, P.R. | |
| 100 | 1 | _aRegitano, R.L. de O. | |
| 110 | 1 | _aEmpresa de Pesquisa Agropecuaria de Minas Gerais, Belo Horizonte (Brasil) | |
| 245 | 1 | _aBicho-mineiro do cafeeiro: biologia, danos e manejo integrado | |
| 260 | 3 |
_aBelo Horizonte, MG (Brasil): _c1998. |
|
| 300 | _a48 p. | ||
| 490 |
_aBoletim Tecnico - Empresa de Pesquisa Agropecuaria de Minas Gerais (Brazil) _vno. 54 _xISSN 0101-062X |
||
| 500 | _a6 tables; 17 illus.; 21 ref. | ||
| 650 | _aCafe | ||
| 650 | _aBicho Mineiro | ||
| 650 | _aControle Integrado | ||
| 650 | _aControle Quimico | ||
| 650 | _aFlutuacao Populacional | ||
| 909 |
_a202312 _bLúcia Elande _c55 _dLúcia Elande |
||
| 942 |
_2AGRIS _n0 _cMS |
||
| 999 |
_c288895 _d288895 |
||